000 01137nam0a2200325 i 4500
001 RU\NLR\bibl\1919314
005 20241104173734.0
010 _a9785903788170
021 _aRU
_b2012-42337
_93134
035 _a(nilc)RSL-KNO-005452880
035 _a(NLR Aleph) 001908789
090 _a3147632
_c3147632
100 _a20120618d2012 u y0rusy50 ca
101 1 _arus
_cund
102 _aRU
105 _aa |||||||||
200 1 _aМартин Парр: в своем жанре
_eинтервью с Квентином Бажаком
_e[перевод]
210 _aМосква
_cTreemedia
_d2012
215 _a123, [2] с.
_cил., цв. ил., портр.
_d21
600 1 _aПарр
_bМ.
_f1952
_gМартин
_xИнтервью
_92135582
_3RU\NLR\auth\661592120
686 _aЩ163(4Вл)6-8Парр М.12я6
_2rubbk
686 _aЩ163(4Вл)6-8Парр
700 1 _aПарр
_bМ.
_f1952-
_gМартин
_4070
701 1 _aБажак
_bК.
_gКвентин
_4070
801 0 _aRU
_bRuMoRKP
_c20120618
_grcr
801 1 _aRU
_bРГБ
_c20120618
801 2 _aRU
_bNLR
_c20120628
_grcr
942 _cBOOK
980 _aNBR